000 00693nam a2200289Ia 4500
005 20260324142514.0
008 008 260324s9999 xx 000 0 eng d
020 _a9780203776865
037 _aEBOOK
040 _aCRL
040 _beng
040 _cCRL
041 _2eng
041 _aeng
084 _qCRL
100 _aRachelle A. Dorfman
_91202192
245 0 _aAging into the 21st Century
245 4 _bThe Exploration of Aspirations and Values
260 _bTaylor and Francis
260 _c1994
365 _a
365 _b220
856 _uhttp://www.taylorfrancis.com/books/9780203776865
942 _cEBOOK
999 _c1816470
_d1816470